The Inmos Saga : A triumph of National Enterprise?

Guardado en:
Detalles Bibliográficos
Autor principal: McLean, Mick
Formato: Libro
Lenguaje:Undetermined
Publicado: London Frances Pinter 1985
Materias:
Etiquetas: Agregar Etiqueta
Sin Etiquetas, Sea el primero en etiquetar este registro!
Thư viện lưu trữ: Trung tâm Học liệu Trường Đại học Cần Thơ
LEADER 00516nam a2200193Ia 4500
001 CTU_86624
008 210402s9999 xx 000 0 und d
082 |a 338.4 
082 |b M164 
100 |a McLean, Mick 
245 4 |a The Inmos Saga : 
245 2 |b A triumph of National Enterprise? 
245 0 |c Mick McLean and Tom Rowland 
260 |a London 
260 |b Frances Pinter 
260 |c 1985 
650 |a Technology transfer 
904 |i Năm 
980 |a Trung tâm Học liệu Trường Đại học Cần Thơ